<?xml version="1.0" encoding="UTF-8"?>
<record
    xmlns:xsi="http://www.w3.org/2001/XMLSchema-instance"
    xsi:schemaLocation="http://www.loc.gov/MARC21/slim http://www.loc.gov/standards/marcxml/schema/MARC21slim.xsd"
    xmlns="http://www.loc.gov/MARC21/slim">

  <leader>008570000a22001330004500</leader>
  <datafield tag="100" ind1="1" ind2=" ">
    <subfield code="a">Archbold, Vanston</subfield>
  </datafield>
  <datafield tag="245" ind1="1" ind2="0">
    <subfield code="a">Interpretando las narraciones hist&#xF3;ricas del Antiguo Testamento.</subfield>
  </datafield>
  <datafield tag="300" ind1=" " ind2=" ">
    <subfield code="a">Vo.1, no.2 (mar., 2009), p.14-19</subfield>
  </datafield>
  <datafield tag="500" ind1=" " ind2=" ">
    <subfield code="a">Ubicaci&#xF3;n: varios</subfield>
  </datafield>
  <datafield tag="520" ind1=" " ind2=" ">
    <subfield code="a">M&#xE1;s del cuarenta por ciento de las narraciones en la biblia son de car&#xE1;cter hist&#xF3;rico. Casi la mitad del antiguo testamento refleja &#xE9;ste g&#xE9;nero literario. Desde luego la abundancia de &#xE9;ste g&#xE9;nero literario en los textos sagrados es consistente con la forma como Dios se ha revelado a trav&#xE9;s de los a&#xF1;os a la humanidad. Tanto Jud&#xED;os como cristianos tienen la fe de que Dios ha escogido revelarse de manera extraordinaria en la historia de la humanidad.</subfield>
  </datafield>
  <datafield tag="650" ind1="1" ind2="4">
    <subfield code="a">INTERPRETACION DE LA BIBLIA / BIBLA A.T. - INTERPRETACIONES</subfield>
  </datafield>
  <datafield tag="773" ind1="0" ind2=" ">
    <subfield code="t">Una ciencia</subfield>
  </datafield>
  <datafield tag="942" ind1=" " ind2=" ">
    <subfield code="c">ANA</subfield>
  </datafield>
  <datafield tag="952" ind1=" " ind2=" ">
    <subfield code="0">0</subfield>
    <subfield code="1">0</subfield>
    <subfield code="4">0</subfield>
    <subfield code="7">0</subfield>
    <subfield code="8">HEM</subfield>
    <subfield code="a">FUSBC</subfield>
    <subfield code="b">FUSBC</subfield>
    <subfield code="d">2016-01-26</subfield>
    <subfield code="l">0</subfield>
    <subfield code="o"> </subfield>
    <subfield code="r">2016-01-26 00:00:00</subfield>
    <subfield code="w">2016-01-26</subfield>
    <subfield code="y">ANA</subfield>
  </datafield>
  <datafield tag="999" ind1=" " ind2=" ">
    <subfield code="c">63049</subfield>
    <subfield code="d">63049</subfield>
  </datafield>
</record>
